000 00502nam a22001577a 4500
003 MPLRDC
005 20220104142800.0
008 210129b ||||| |||| 00| 0 eng d
082 _a051.4 K1KC v.23 1979*
100 _a吉隆坡坤成女子中学高中第二十三届毕业刊编辑委员会
245 _a坤成第二十三届高中毕业特刊
_c
260 _a
_b吉陂坡坤成女子中学高中第二十三届毕业班
_c1979
300 _b
650 _a
942 _cBK
_o051.4 K1KC v.23 1979*
999 _c33661
_d33651